Normal view
MARC view
- Mellenthin von F.W
Entry Personal Name
001 - CONTROL NUMBER
- control field: 46251
003 - CONTROL NUMBER IDENTIFIER
- control field: NUST
005 - DATE AND TIME OF LATEST TRANSACTION
- control field: 20210314133455.0
008 - FIXED-LENGTH DATA ELEMENTS
- fixed length control field: 210314|| aca||aabn | a|a d
040 ## - CATALOGING SOURCE
- Original cataloging agency: NUST
- Transcribing agency: NUST
100 ## - HEADING--PERSONAL NAME
- Personal name: Mellenthin von F.W
670 ## - SOURCE DATA FOUND
- Source citation: Work cat.: (NUST): Mellenthin von F.W, German Generals of World War II As I Saw Them, c1977
